00366 2200145 4500001002100000005001500021020002200036035002000058082000800078084001400086100001900100245004500119260004400164990001200208INLIS00000000000291720250911022015 a978-602-6847-50-8 a0010-0925000264 a300 a300 YUG y0 aYugha Erlangga1 aYuk, Junjung Persatuan /cYugha Erlangga aJakarta :bEsensi Erlangga Group,c2017 a0755320